000 00427nam a22001217a 4500
008 230629b xxu||||| |||| 00| 0 eng d
082 _a346.06
_bEAC
100 _cEast African Community
245 _aSecretariat of the Commission for East African Co-operation
_b8th Meeting of the Permanent Tripartite Commission
_cReport of the Commission
260 _aArusha, Tanzania
_bEAC
_c1997
300 _avarious panging
942 _2ddc
_cBK
999 _c3076
_d3076